00829cam a22002537a 4500003000500000005001700005008004100022010001000063011001000073035001000083040000900093100003200102245013300134260007200267300002200339410004300361490002700404650001200431650001400443650001200457700003600469810004300505830002700548CHAP20220817043606.0000118d1998 mx r 00010 spa d a79290 a80262 a90711 cCHAP00aGonzález Sotelo, Alfredo. 0aUso de abonos orgánicos en pastos y forrajes de clima tropicalc/por Alfredo González Sotelo y J. Alfonso Eguiarte Vázquez aGuadalajara, Jal. :bINIFAP. Campo Experimental Clavellinas,c1998. a24 p. :bgráfs. aINIFAP. Campo Experimental Clavellinas 0aFolleto técnicov; 214aAbonos.14aForrajes.14aPastos.0 aEguiarte Vázquez, J. Alfonso.00aINIFAP. Campo Experimental Clavellinas0 aFolleto técnicov; 2